000
00291nam a2200121Ia 4500
008
220216s9999 xx 000 0 und d
100
_a
Sebastian C
245
0
_a
Nadeel aayasarahithamaakki kapputhaikal
260
_b
Rubber
_c
2015
300
_a
7-Jun
650
_a
Root trainer
942
_c
JS
999
_c
63370
_d
63370